Obchod so vzduchom
Environmentálne myslenie podnikov. Národný register pre evidenciu a spravovanie priznaných emisných kvót.Správca Národného registra emisných kvót skleníkových plynov - Dexia banka Slovensko, a.s. Centrálny európsky register. Spôsob platby za produkované emisie.
Salvato in:
| Autore principale: | |
|---|---|
| Natura: | Capitolo di libro |
| Lingua: | slovacco |
| Soggetti: | |
| Tags: |
Nessun Tag, puoi essere il primo ad aggiungerne!!
|
MARC
| LEADER | 00000naa$a2200000$$$4500 | ||
|---|---|---|---|
| 001 | 0027331 | ||
| 005 | 20231009070203.1 | ||
| 041 | 0 | |a slo | |
| 044 | |a SK | ||
| 245 | 1 | 0 | |a Obchod so vzduchom |c Tibor Bucha |
| 520 | |a Environmentálne myslenie podnikov. Národný register pre evidenciu a spravovanie priznaných emisných kvót.Správca Národného registra emisných kvót skleníkových plynov - Dexia banka Slovensko, a.s. Centrálny európsky register. Spôsob platby za produkované emisie. | ||
| 610 | 2 | 0 | |a ochrana prostredia životného |
| 610 | 2 | 0 | |a ekológia |
| 610 | 2 | 0 | |a emisie |
| 610 | 2 | 0 | |a efekt skleníkový |
| 610 | 2 | 0 | |a kvóty |
| 610 | 2 | 0 | |a dohody medzinárodné |
| 610 | 2 | 0 | |a registre |
| 610 | 2 | 0 | |a Slovensko |
| 610 | 2 | 0 | |a Európska únia |
| 100 | 1 | |a Bucha, Tibor | |